La finalidad y naturaleza de la exclusiva (Record no. 189898)

MARC details
000 -LEADER
campo de control de longitud fija 00913nam a2200205 i 4500
001 - NÚMERO DE CONTROL
campo de control 189898
003 - IDENTIFICADOR DE NÚMERO DE CONTROL
campo de control SpMaBN
005 - FECHA Y HORA DE LA ÚLTIMA TRANSACCIÓN
campo de control 20251114121351.0
008 - DATOS DE LONGITUD FIJA--INFORMACIÓN GENERAL
campo de control de longitud fija 191220s1971 sp |||| | spa d
080 ## - NÚMERO DE LA CLASIFICACIÓN DECIMAL UNIVERSAL
Número de la Clasificación Decimal Universal 347.412.917
100 1# - ENTRADA PRINCIPAL--NOMBRE DE PERSONA
Nombre de persona Cabanillas Gallas, Pío,
Fechas asociadas al nombre 1923-1991
9 (RLIN) 33147
245 13 - MENCIÓN DEL TÍTULO
Título La finalidad y naturaleza de la exclusiva
Resto del título : discurso leído el día 11 de septiembre de 1970, en la solemne sesión de ingreso del académico D. Pío Cabanillas Gallas y contestación del Excmo. Señor Manuel Taboada Roca, conde de Borrajeiros.
260 ## - PUBLICACIÓN, DISTRIBUCIÓN, ETC.
Lugar de publicación, distribución, etc. La Coruña :
Nombre del editor, distribuidor, etc. Academia Gallega de Jurisprudencia y Legislación,
Fecha de publicación, distribución, etc. 1971.
300 ## - DESCRIPCIÓN FÍSICA
Extensión 87 p. ;
Dimensiones 27 cm.
650 #7 - PUNTO DE ACCESO ADICIONAL DE MATERIA--TÉRMINO DE MATERIA
Término de materia o nombre geográfico como elemento de entrada Obligaciones (Derecho)
9 (RLIN) 15660
700 1# - ENTRADA AGREGADA--NOMBRE PERSONAL
Nombre de persona Taboada Roca, Manuel,
Títulos y otros términos asociados al nombre Conde de Borrajeiros
9 (RLIN) 109031
710 2# - ENTRADA AGREGADA--NOMBRE DE ENTIDAD CORPORATIVA
Nombre de entidad corporativa o nombre de jurisdicción como elemento de entrada Academia Gallega de Jurisprudencia y Legislación.
9 (RLIN) 1197
852 ## - LOCALIZACIÓN
Ubicación ES-MaACL
Número de control de estantería L-32481
Holdings
Estatus retirado Estado de pérdida Estado de daño No para préstamo Biblioteca de origen Biblioteca actual Ubicación en estantería Fecha de adquisición Fuente de adquisición Total de préstamos Signatura topográfica completa Código de barras Visto por última vez Precio de reemplazo Tipo de ítem Koha
        Biblioteca del Ateneo de Madrid Biblioteca del Ateneo de Madrid Depósito 2 20/12/2019     L-32481 1201432 23/02/2023 23/02/2023 Libro impreso